[Event "GMA-qual"]
[Site "Belgorod"]
[Date "1989.??.??"]
[Round "?"]
[White "Piesina, Gintautas"]
[Black "Buturin, Vladimir"]
[Result "0-1"]
[WhiteElo "2430"]
[BlackElo "2375"]

1.d4 Nf6 2.c4 g6 3.Nc3 Bg7 4.e4 d6 5.Nf3 O-O 6.Be2 e5 7.O-O exd4 8.Nxd4 Re8
9.f3 c6 10.Kh1 Nbd7 11.Bg5 Qb6 12.Nb3 a5 13.Qd2 a4 14.Be3 Nc5 15.Nxc5 dxc5
16.Rac1 Nd7 17.f4 Qb4 18.a3 Qa5 19.Bd3 Rb8 20.Qf2 b6 21.h3 Qa7 22.Rcd1 Ra8
23.Rd2 Qc7 24.Rfd1 Nf8 25.e5 f6 26.exf6 Bxf6 27.Bc2 Bf5 28.Bxf5 gxf5 29.g4 Bxc3
30.bxc3 Qe7 31.Rd3 Qe4+ 32.Kh2 Qxc4 33.gxf5 Ra7 34.f6 Qe4 35.c4 Qf5 36.Bc1 Ng6
37.Rd8 Rxd8 38.Rxd8+ Kf7 39.Qe2 Qxf6 40.Qe8+ Kg7 41.Qg8+ Kh6 42.f5+ Kh5 43.fxg6 Qf2+
44.Kh1 Re7 45.Re8 Qf1+ 46.Kh2 Qf2+ 47.Kh1 Qe1+ 48.Kg2 Qe2+ 49.Kg3 Qd3+ 50.Kg2 Qc2+
51.Kg3 Qc3+ 52.Kg2 Rg7 53.Qxh7+ Rxh7 54.gxh7 Qg7+ 55.Kh2 Qxh7  0-1

[Event "GMA-qual"]
[Site "Belgorod"]
[Date "1989.??.??"]
[Round "?"]
[White "Chudinovskih, Alexander"]
[Black "Vepkhvishvili, Varlam"]
[Result "0-1"]
[WhiteElo "2360"]
[BlackElo "2210"]

1.Nf3 Nf6 2.c4 g6 3.Nc3 Bg7 4.e4 d6 5.d4 O-O 6.Be2 e5 7.d5 Nbd7 8.Bg5 h6
9.Bh4 g5 10.Bg3 Nc5 11.Nd2 a5 12.O-O Ne8 13.f3 h5 14.Bf2 h4 15.Qc2 Nf6 16.Rfe1 Nh5
17.g3 f5 18.exf5 Bxf5 19.Nde4 Bh7 20.Rf1 Kh8 21.Qd2 Nxe4 22.Nxe4 hxg3 23.hxg3 Nf4
24.gxf4 gxf4 25.Kh2 Bxe4 26.fxe4 Qg5 27.Qd1 Rf6 28.Bg4 f3 29.Bh3 Qf4+ 30.Bg3 Qxe4
31.Rf2 Raf8 32.Qc2 Qe3 33.Rff1 Rh6 34.Rh1 Qg5 35.Qe4 Rf4 36.Qe1 Rxh3+ 37.Kxh3  0-1

[Event "Belgrade op"]
[Site "Belgrade"]
[Date "1989.??.??"]
[Round "2"]
[White "Mijailovic, Zoran"]
[Black "Jovanovic, Sasa T"]
[Result "1/2-1/2"]
[WhiteElo "2325"]
[BlackElo "2215"]

1.Nf3 Nf6 2.c4 g6 3.Nc3 Bg7 4.e4 d6 5.d4 O-O 6.Be2 e5 7.Be3 Qd7 8.h3 Nc6
9.d5 Ne7 10.Nd2 c5 11.Rb1 Ne8 12.g4 f5 13.f3 Kh8 14.b4 b6 15.g5 Ng8 16.a4 Qd8
17.h4 h5 18.Na2 Bd7 19.Nc1 Ne7 20.Nd3 Nc8 21.Ra1 a5 22.bxa5 bxa5 23.Nb1 Nc7
24.Nc3 Na6 25.Nb5 Nb4  1/2-1/2

[Event "Belgrade op"]
[Site "Belgrade"]
[Date "1989.??.??"]
[Round "4"]
[White "Vasiljevic, Dragan"]
[Black "Jovanovic, Sasa T"]
[Result "1-0"]
[WhiteElo "2315"]
[BlackElo "2215"]

1.d4 Nf6 2.c4 g6 3.Nc3 Bg7 4.e4 d6 5.Nf3 O-O 6.Be2 e5 7.d5 a5 8.Be3 Nh5 9.g3 h6
10.Nd2 Nf6 11.g4 Nxg4 12.Bxg4 f5 13.exf5 gxf5 14.Bh3 f4 15.Bxc8 Qxc8 16.Nde4 fxe3
17.fxe3 Qh3 18.Qe2 Qh4+ 19.Kd2 Nd7 20.Rag1 Kh8 21.Rg4 Qh3 22.Rhg1 Rf7 23.R1g3 Qh5
24.Qg2 Rg8 25.Ng5 Nf6 26.Nxf7+ Qxf7 27.Rh4 e4 28.Rf4 Qe7 29.Nxe4 Nh5 30.Rxg7 Rxg7
31.Rg4 Nf6 32.Nxf6 Qxf6 33.Kc1 Rxg4 34.Qxg4 Qf1+ 35.Kd2 Qf2+ 36.Qe2 Qg1 37.Qh5 Qf2+
38.Qe2 Qg1 39.Kc2 a4 40.Kc3 Qa1 41.a3 Qa2 42.Qc2 b5 43.Kb4 bxc4 44.Qc3+ Kg8
45.Kxa4 Qb1 46.Kb5 Qh1 47.Kc6 Qxh2 48.a4 Qh5 49.Qxc4 Qe8+ 50.Kb7 Qxe3 51.a5 h5
52.b4 Qf2 53.Qxc7 h4 54.a6  1-0

[Event "Lasker mem"]
[Site "Berlin"]
[Date "1989.??.??"]
[Round "7"]
[White "Schlosser, Philipp"]
[Black "Mohr, Stefan"]
[Result "1/2-1/2"]
[WhiteElo "2475"]
[BlackElo "2485"]

1.d4 g6 2.c4 Bg7 3.Nc3 d6 4.e4 Nd7 5.Nf3 e5 6.Be2 Ngf6 7.O-O O-O 8.Qc2 c6
9.Rd1 Qe7 10.d5 c5 11.Bg5 h6 12.Bd2 Ne8 13.g3 f5 14.Nh4 Qf7 15.exf5 gxf5
16.Rf1 Nb6 17.f3 Bd7 18.Rae1 Nc8 19.g4 Ne7 20.Bd3 Rb8 21.Bc1 a6 22.a4 Qf6
23.Nxf5 Nxf5 24.Bxf5 Bxf5 25.gxf5 Qxf5 26.Qxf5 Rxf5 27.a5 b6 28.axb6 Rxb6
29.Nb1 Rb4 30.Nd2 Kf7 31.b3 Bf6 32.Ba3 Rb6 33.Rb1 Bg5 34.Ne4 Be3+ 35.Kg2 a5
36.Bc1 Bxc1 37.Rfxc1 Nf6 38.Nd2 Nh5 39.Ra1 Nf4+ 40.Kh1 Ne2 41.Rf1 Ra6 42.Rf2 Nd4
43.Rg2 Nxf3 44.Rf1 Nh4 45.Rxf5+ Nxf5 46.Rf2 Kg6 47.Rg2+ Kh7 48.Ne4 Ra8 49.Rf2 Nd4
50.Nxd6 Nxb3 51.Nf7 e4 52.d6 e3 53.Re2 Kg7 54.Ne5 a4 55.d7 Kf6 56.Rxe3 a3
57.Ng4+ Kf7 58.Nxh6+ Kf8 59.Rd3 Ke7 60.d8=Q+  1/2-1/2

[Event "Lasker mem"]
[Site "Berlin"]
[Date "1989.??.??"]
[Round "10"]
[White "Lutz, Christopher"]
[Black "Wahls, Matthias"]
[Result "1/2-1/2"]
[WhiteElo "2410"]
[BlackElo "2535"]

1.d4 Nf6 2.c4 g6 3.Nc3 Bg7 4.e4 d6 5.Nf3 O-O 6.Be2 e5 7.Be3 Na6 8.O-O Qe8
9.dxe5 Ng4 10.exd6 Nxe3 11.fxe3 cxd6 12.Qxd6 Bxc3 13.bxc3 Qxe4 14.Qd4 Re8
15.c5 Qxe3+ 16.Qxe3 Rxe3 17.Bxa6 bxa6 18.Rae1 Rxe1 19.Rxe1 Be6 20.a3 Rc8
21.Nd4 Bc4 22.c6 Bb5 23.Re7 Bxc6 24.Nxc6 Rxc6  1/2-1/2

[Event "Bern op"]
[Site "Bern"]
[Date "1989.??.??"]
[Round "?"]
[White "Ruf, Matthias"]
[Black "Sabi, Yoseph"]
[Result "1-0"]
[WhiteElo "2390"]
[BlackElo "2315"]

1.c4 Nf6 2.Nc3 g6 3.e4 d6 4.d4 Bg7 5.Be2 O-O 6.Nf3 e5 7.O-O Na6 8.Re1 Re8
9.Bf1 Bg4 10.Be3 Bxf3 11.Qxf3 Ng4 12.Qxg4 exd4 13.Bg5 f6 14.Bd2 dxc3 15.Bxc3 Nc5
16.Qd1 Qd7 17.Qc2 Qc6 18.b4 Nd7 19.Rad1 Re7 20.Bd4 Ne5 21.f4 Ng4 22.Be2 Nh6
23.Bf3 Rae8 24.Qc3 Qa4 25.Rb1 f5 26.Bxg7 Rxg7 27.b5 b6 28.exf5  1-0

[Event "Biel op"]
[Site "Biel"]
[Date "1989.??.??"]
[Round "4"]
[White "Sinkovics, Peter"]
[Black "Balashov, Yuri S"]
[Result "1/2-1/2"]
[WhiteElo "2330"]
[BlackElo "2535"]

1.d4 Nf6 2.Nf3 g6 3.c4 Bg7 4.Nc3 O-O 5.e4 d6 6.Be2 e5 7.O-O Qe8 8.dxe5 dxe5
9.Nd5 Na6 10.Qc2 c6 11.Nxf6+ Bxf6 12.Be3 Qe7 13.c5 Nc7 14.Rad1 Bg4 15.Ne1 Bxe2
16.Qxe2 Ne6 17.Qc4 Rfd8 18.Nf3 Rxd1 19.Rxd1 Rd8  1/2-1/2

[Event "Biel op"]
[Site "Biel"]
[Date "1989.??.??"]
[Round "8"]
[White "Franco Ocampo, Zenon"]
[Black "Georgiev, Krum"]
[Result "1/2-1/2"]
[WhiteElo "2475"]
[BlackElo "2480"]

1.c4 Nf6 2.Nc3 g6 3.d4 Bg7 4.Nf3 O-O 5.e4 d6 6.Be2 e5 7.d5 a5 8.Bg5 Na6 9.O-O Qe8
10.Nd2 Kh8 11.a3 Bd7 12.b3 Ng8 13.Rb1 f5 14.f3 Bh6 15.Bxh6 Nxh6 16.b4 axb4
17.axb4 Qe7 18.Qc2 g5  1/2-1/2

[Event "Noviki-C"]
[Site "Budapest"]
[Date "1989.??.??"]
[Round "?"]
[White "Szollosi, Laszlo Sr"]
[Black "Bellia, Fabrizio"]
[Result "1-0"]
[WhiteElo "2270"]
[BlackElo "2255"]

1.d4 Nf6 2.c4 g6 3.Nc3 Bg7 4.Nf3 d6 5.e4 O-O 6.Be2 e5 7.dxe5 dxe5 8.Qxd8 Rxd8
9.Nd5 Nxd5 10.cxd5 c6 11.Bc4 b5 12.Bb3 Bb7 13.Bg5 Re8 14.Be3 cxd5 15.exd5 Nd7
16.Rc1 Nf6 17.d6 Bd5 18.Ke2 Rad8 19.Rhd1 Rxd6 20.Nxe5 Rxe5 21.Rc8+ Bf8 22.f4 Ree6
23.h3 Bxb3 24.Rxd6 Rxd6 25.axb3 Re6 26.Kf3 Re8 27.Rc6 Ne4 28.g4 f5 29.gxf5 gxf5
30.Bxa7 Rd8 31.Ke3 Rd2 32.Bd4 Rh2 33.Kd3 Rxh3+ 34.Kc2 h5 35.Rb6 Rh2+ 36.Kc1 Rh1+
37.Kc2 Rf1 38.Rb8 h4 39.Rxb5 h3  1-0

[Event "Spring op"]
[Site "Budapest"]
[Date "1989.??.??"]
[Round "?"]
[White "Csonkics, Tunde"]
[Black "Timoshchenko, Gennadi A"]
[Result "1/2-1/2"]
[WhiteElo "2290"]
[BlackElo "2460"]

1.d4 Nf6 2.Nf3 g6 3.c4 Bg7 4.Nc3 O-O 5.e4 d6 6.Be2 e5 7.Be3 Ng4 8.Bg5 f6
9.Bh4 Nc6 10.d5 Ne7 11.Nd2 Nh6 12.f3 c5 13.dxc6 bxc6 14.b4 Be6 15.Nb3 Kh8
16.Qd2 Qc7 17.Bf2 Rfd8 18.O-O d5 19.Nc5 Bg8 20.cxd5 cxd5 21.Nxd5 Nxd5 22.exd5 Bxd5
23.Qb2 Nf5 24.Rac1 Qf7 25.a4 Nd4 26.Rfd1 f5 27.Bf1 Qe7 28.b5 Qg5 29.Kh1 Nxf3
30.Rxd5 Rxd5 31.Ne6 Qd2 32.Rc2 Qd1 33.Rc1 Qd2 34.Rc2 Qd1 35.Rc1  1/2-1/2

[Event "Spring op"]
[Site "Budapest"]
[Date "1989.??.??"]
[Round "?"]
[White "Zlotnik, Boris A"]
[Black "Kuzmin, Alexey"]
[Result "1/2-1/2"]
[WhiteElo "2420"]
[BlackElo "2465"]

1.d4 Nf6 2.c4 g6 3.Nc3 Bg7 4.e4 d6 5.Nf3 O-O 6.Be2 e5 7.d5 a5 8.Bg5 h6 9.Bh4 Na6
10.Nd2 Qe8 11.O-O Nh7 12.a3 Bd7 13.b3 h5 14.f3 Bh6 15.Rb1 Be3+ 16.Bf2 Bxf2+
17.Rxf2 Qe7 18.b4 axb4 19.axb4 c5 20.dxc6 bxc6 21.Na4 Rfb8 22.c5 dxc5 23.Bxa6 Rxa6
24.Nxc5 Rab6 25.Nxd7 Qxd7 26.Nc4 Qxd1+ 27.Rxd1 Rb5 28.Rc2 Nf8 29.Na5 Rxb4
30.Rdd2 Ne6 31.Nxc6 Rb1+ 32.Kf2 R8b5 33.h4 Kg7 34.Kg3 Kf6 35.Nd8 Nxd8  1/2-1/2

[Event "Elekes mem"]
[Site "Budapest"]
[Date "1989.??.??"]
[Round "?"]
[White "Danner, Georg"]
[Black "Timoshchenko, Gennadi A"]
[Result "0-1"]
[WhiteElo "2400"]
[BlackElo "2460"]

1.d4 Nf6 2.c4 g6 3.Nc3 Bg7 4.e4 d6 5.Be2 O-O 6.Nf3 e5 7.d5 a5 8.Bg5 h6 9.Bh4 Na6
10.Nd2 Qe8 11.a3 Bd7 12.b3 Nh7 13.f3 h5 14.Rb1 Bh6 15.Bf2 Qe7 16.b4 axb4
17.axb4 h4 18.Qc2 Rfb8 19.Bd3 Qg5 20.Rg1 c5 21.dxc6 bxc6 22.b5 Nc5 23.g3 hxg3
24.hxg3 Nf8 25.Nb3 Nxb3 26.Rxb3 Ne6 27.Nd1 Qh5 28.Be2 Qh2 29.bxc6 Rxb3 30.Qxb3 Bxc6
31.Qb2 Ng5 32.Kf1 Bd7 33.Qb7 Bh3+ 34.Ke1 Ra2 35.Qb3 Nxe4 36.Qxa2 Nxf2 37.Qa8+ Kg7
38.Rf1 Nd3+  0-1

[Event "Noviki-B"]
[Site "Budapest"]
[Date "1989.??.??"]
[Round "?"]
[White "Rajna, George"]
[Black "Portisch, Ferenc"]
[Result "1/2-1/2"]
[WhiteElo "2380"]
[BlackElo "2410"]

1.d4 Nf6 2.Nf3 g6 3.c4 Bg7 4.Nc3 O-O 5.e4 d6 6.Be2 e5 7.d5 c6 8.O-O Na6 9.Bg5 h6
10.Bh4 g5 11.Bg3 Nh5 12.Nd2 Nf4 13.Rb1 cxd5 14.cxd5 Bd7 15.Nc4 f5 16.Bxf4 exf4
17.Nxd6 fxe4 18.Ncxe4 Qe7 19.Re1 Nc7 20.Rc1 Ne8 21.Nxe8 Raxe8 22.Bh5 Rc8
23.Nc5 Qd6 24.Nxd7 Rxc1 25.Qxc1 Qxd7 26.Qd2 Rd8 27.h4 Qf5 28.Bf3 g4 29.Be4 Qf6
30.g3 fxg3 31.fxg3 Qxb2 32.Qxb2 Bxb2 33.Bf5 Kf8 34.Be6 Rd6 35.Re4 h5 36.Kf2 Ra6
37.a4 Ba3 38.Rf4+ Kg7 39.Rf7+ Kg6 40.Rf4 Bc5+ 41.Kg2 Bd6 42.Re4  1/2-1/2

[Event "Elekes mem"]
[Site "Budapest"]
[Date "1989.??.??"]
[Round "?"]
[White "Petran, Pal"]
[Black "Timoshchenko, Gennadi A"]
[Result "0-1"]
[WhiteElo "2440"]
[BlackElo "2460"]

1.d4 Nf6 2.c4 g6 3.Nc3 Bg7 4.e4 d6 5.Be2 O-O 6.Nf3 e5 7.O-O Na6 8.Rb1 c6
9.dxe5 dxe5 10.Qxd8 Rxd8 11.b4 Nc7 12.Nxe5 Nxe4 13.Nxe4 Bxe5 14.Bg5 Re8 15.Bd3 Bf5
16.Nc5 Bxd3 17.Nxd3 Bd4 18.Rfe1 Ne6 19.Be3 Rad8 20.Nc5 b6 21.Nxe6 Rxe6 22.Red1 Red6
23.c5 Bxc5 24.Rxd6 Bxd6 25.Kf1 Kf8 26.a4 Ke7 27.a5 Bc7 28.axb6 axb6 29.Ra1 Kd7
30.Ra6 Rb8 31.Ra7 Kc8 32.Ke2 Rb7 33.Ra8+ Kd7 34.h3 Bd6 35.Bd2 Ke6 36.g4 Be7
37.Rc8 Kd5 38.Kd3 Ra7 39.Rh8 Ra3+ 40.Ke2 Rxh3 41.Rb8 b5 42.Rb7 Bd6 43.Rxf7 Rb3
44.Rxh7 Bxb4 45.Be3 Bc5 46.Bxc5 Kxc5 47.Rg7 Rb2+ 48.Ke3 b4 49.Rxg6 b3 50.Rg8 Kc4
51.Rb8 Rb1 52.g5 Re1+ 53.Kf4 Kc3 54.Rc8 Re6 55.Kf5 b2 56.Rb8 Re1 57.g6 b1=Q+
58.Rxb1 Rxb1 59.f4 Rg1 60.Kf6 Kd4 61.f5 Ke4 62.Ke6 c5  0-1

[Event "Buenos Aires TB"]
[Site "Buenos Aires"]
[Date "1989.??.??"]
[Round "?"]
[White "Toledo, Francisco J"]
[Black "Sorin, Ariel"]
[Result "0-1"]
[WhiteElo "2300"]
[BlackElo "2410"]

1.d4 Nf6 2.c4 g6 3.Nc3 Bg7 4.e4 d6 5.Nf3 O-O 6.Be2 e5 7.O-O Nbd7 8.Re1 c6
9.Bf1 a5 10.Rb1 exd4 11.Nxd4 Re8 12.Nc2 Nc5 13.f3 Nh5 14.g4 Nf6 15.Bf4 Bf8
16.Qd2 Nfd7 17.Kg2 Qf6 18.Bg5 Qg7 19.h3 Ne5 20.f4 f6 21.Bh4 Nf7 22.Bg3 h5
23.gxh5 gxh5 24.Kh2 f5 25.Bg2 Qh7 26.exf5 Bxf5 27.Rxe8 Rxe8 28.Rc1 h4 29.Bf2 Bh6
30.Rg1 Kf8 31.Ne1 Re6 32.Bxh4 Ne5 33.b3 Ned3 34.Nxd3 Nxd3 35.Bg5 Bg7 36.Bf1 Ne1
37.Rg3 Qh5 38.Be2 Bxc3  0-1

[Event "Buenos Aires TB"]
[Site "Buenos Aires"]
[Date "1989.??.??"]
[Round "?"]
[White "Toledo, Francisco J"]
[Black "Cortes Moyano, Julio"]
[Result "1-0"]
[WhiteElo "2300"]
[BlackElo "2285"]

1.d4 Nf6 2.c4 g6 3.Nc3 Bg7 4.e4 d6 5.Be2 O-O 6.Nf3 e5 7.O-O Qe8 8.d5 a5 9.Ne1 Na6
10.Nd3 Bd7 11.Be3 b6 12.Rb1 h5 13.b3 Kh7 14.f3 Ng8 15.a3 Nc5 16.Nb2 Bh6 17.Bf2 a4
18.Bxc5 bxc5 19.Nbxa4 Be3+ 20.Kh1 f5 21.exf5 gxf5 22.Nb5 Qd8 23.Qd3 Qg5 24.Nxc7 Ra7
25.f4 exf4 26.Ne6 Bxe6 27.dxe6 Rg7 28.Bf3 Bd4 29.Nb6 Rf6 30.Nd7 Rh6 31.b4 Kh8
32.Rfe1 h4 33.h3 Re7 34.b5 Rexe6 35.Rxe6 Rxe6 36.b6 Qe7 37.Qd1 Qxd7 38.b7 Re8
39.b8=Q Rxb8 40.Rxb8 Qc7 41.Qb1 Bf6 42.Bd5  1-0

[Event "Buenos Aires FMDA tt"]
[Site "Buenos Aires"]
[Date "1989.??.??"]
[Round "4"]
[White "Glavina, Pablo"]
[Black "Schweber, Samuel"]
[Result "1-0"]
[WhiteElo "2365"]
[BlackElo "2380"]

1.d4 Nf6 2.c4 g6 3.Nc3 Bg7 4.e4 d6 5.Nf3 O-O 6.Be2 e5 7.O-O Nbd7 8.Re1 c6
9.Bf1 Qe7 10.Rb1 Ne8 11.b4 Nc7 12.b5 c5 13.dxe5 dxe5 14.Nd5 Qd8 15.Bg5 f6
16.Bd2 Ne6 17.g3 b6 18.a4 Bb7 19.Bc3 Nd4 20.Nxd4 cxd4 21.Bb4 Rf7 22.Bh3 Bxd5
23.cxd5 f5 24.Rc1 Bf8 25.Bxf8 Rxf8 26.Rc6 Qg5 27.Rc7 Rf7 28.f4 exf4 29.Qxd4 fxg3
30.e5 Nxe5 31.Qxe5 Qd2 32.Re2 Qd1+ 33.Bf1 Rxc7 34.Qxc7 Qd4+ 35.Kh1 Qxd5+
36.Rg2 Re8 37.Qc6 Qe4 38.hxg3 Qe1 39.Kh2 Kg7 40.Qd7+ Re7 41.Qd4+ Qe5 42.Qxe5+ Rxe5
43.Rd2 Re7 44.Kg2 Kf6 45.Rd4 Kg5 46.Kf3 h5 47.Bc4 Rc7 48.Ke3 Re7+ 49.Kd3 Re1
50.Kd2 Re7 51.Bd5 Rh7 52.Kd3 h4 53.Bg8 Rh8 54.gxh4+ Rxh4 55.Rxh4 Kxh4 56.Bh7 Kg5
57.Ke3 Kf6 58.Bg8 Ke5 59.Bf7 g5 60.Be8 Kd5 61.Bd7 Ke5 62.Bc8 Kf6 63.Kd4 g4
64.Bb7 Ke6 65.Bd5+ Kf6 66.Bb3 Kg5 67.Ke5 f4 68.Ke4 g3 69.Kf3 Kf5 70.Bd5 Ke5
71.Bb7 Kf5 72.Bc8+ Ke5 73.Bh3 Kd4 74.Kxf4 Kc5 75.Kxg3 Kb4 76.Bc8 Kxa4 77.Ba6 Kb4
78.Kf4 Kc5 79.Ke5  1-0

[Event "Cannes op"]
[Site "Cannes"]
[Date "1989.??.??"]
[Round "?"]
[White "Wilder, Michael"]
[Black "Apicella, Manuel"]
[Result "1/2-1/2"]
[WhiteElo "2540"]
[BlackElo "2400"]

1.d4 Nf6 2.c4 g6 3.Nc3 Bg7 4.e4 d6 5.Nf3 O-O 6.Be2 Nbd7 7.O-O e5 8.Re1 exd4
9.Nxd4 Re8 10.Bf1 c6 11.Nb3 Ne5 12.Bg5 h6 13.Bh4 Qc7 14.h3 Be6 15.Rc1 Nh5
16.Nd5 Qd7 17.Ne3 Nf4 18.Bg3 g5 19.Nd4 Neg6 20.b3 Kh7 21.Nxe6 Qxe6 22.Nf5 Be5
23.Qc2 Qf6 24.Rcd1 Rad8 25.c5 dxc5 26.Qxc5 Bc3 27.Rxd8 Rxd8 28.Rc1 Bb2 29.Rb1 Qc3
30.Qxa7 Qc2 31.Re1 Rd7 32.Qe3 Ba3 33.h4 Bb4 34.Rc1 Qb2 35.h5 Nxh5 36.Rc4  1/2-1/2

[Event "Cannes op"]
[Site "Cannes"]
[Date "1989.??.??"]
[Round "?"]
[White "Ivkov, Borislav"]
[Black "Roeder, Mathias"]
[Result "1-0"]
[WhiteElo "2460"]
[BlackElo "2365"]

1.Nf3 Nf6 2.c4 g6 3.Nc3 Bg7 4.e4 d6 5.d4 O-O 6.Be2 e5 7.d5 a5 8.Bg5 h6 9.Bh4 Na6
10.Nd2 Qe8 11.a3 Bd7 12.b3 Nh7 13.Rb1 h5 14.f3 Bh6 15.Bf2 Nc5 16.Qc2 Qe7
17.b4 axb4 18.axb4 Na4 19.Nb5 c6 20.Nc7 Rac8 21.dxc6 bxc6 22.Na6 c5 23.Ra1 h4
24.Rxa4 Bxa4 25.Qxa4 Qg5 26.Qc2 Qxg2 27.Rg1 Qxh2 28.Rg4 Bg5 29.b5 f5 30.Nf1 Qh3
31.Rg1 Kh8 32.Qd3 fxe4 33.Qxe4 Qf5 34.Qxf5 gxf5 35.Kd1 e4 36.Rh1 Rfd8 37.Bxh4 Bxh4
38.Rxh4 d5 39.cxd5 Rxd5+ 40.Kc2 c4 41.b6 Rb5 42.Rh6 Kg7 43.Rd6 Nf6 44.Nc7 Rb4
45.Rxf6 Kxf6 46.Nd5+ Ke5 47.Nxb4 Kd6 48.Ne3 exf3 49.Bxf3 f4 50.b7 Rh8 51.Nxc4+ Kc5
52.Kc3  1-0

[Event "Cannes op"]
[Site "Cannes"]
[Date "1989.??.??"]
[Round "?"]
[White "Villeneuve, Alain"]
[Black "Bernard, Christophe"]
[Result "0-1"]
[WhiteElo "2345"]
[BlackElo "2265"]

1.d4 Nf6 2.c4 g6 3.Nc3 Bg7 4.e4 d6 5.Be2 O-O 6.Nf3 e5 7.O-O Nbd7 8.Be3 c6
9.Qc2 h6 10.Rad1 Qe7 11.Rfe1 Re8 12.Bf1 Ng4 13.Bc1 exd4 14.Nxd4 Bxd4 15.Rxd4 Qe5  0-1

[Event "Caorle op"]
[Site "Caorle"]
[Date "1989.??.??"]
[Round "5"]
[White "Nikcevic, Nebojsa"]
[Black "Luciani, Carlo"]
[Result "1/2-1/2"]
[WhiteElo "2270"]
[BlackElo "2150"]

1.d4 Nf6 2.c4 d6 3.Nc3 Nbd7 4.e4 e5 5.Nf3 g6 6.Be2 Bg7 7.O-O O-O 8.Qc2 c6
9.Rd1 Qe7 10.d5 c5 11.Ne1 h6 12.Rb1 Ne8 13.a3 f5 14.exf5 gxf5 15.b4 b6 16.Rb3 Ndf6
17.bxc5 dxc5 18.Nb5 Ne4 19.a4 N8d6 20.Nxd6 Nxd6 21.a5 Qc7 22.Bb2 Bd7 23.Ra1 f4
24.axb6 axb6 25.Rba3 Rxa3 26.Rxa3 b5 27.cxb5 c4 28.h3 Qc5 29.Ra6 Bf5 30.Ba3 Qxb5
31.Qa4 Qxa4 32.Rxa4 Rd8 33.Ra6 Bf8 34.Bxd6 Rxd6 35.Rxd6 Bxd6 36.Bxc4 Kg7
37.f3 Bb4 38.Kf1 Kf6 39.Bd3 Bxe1 40.Bxf5 Bg3 41.Bg4 Ke7 42.Ke2 Kd6 43.Be6 h5  1/2-1/2

[Event "Cappelle op"]
[Site "Cappelle"]
[Date "1989.??.??"]
[Round "?"]
[White "Cairou, Yannick"]
[Black "Lane, Gary W"]
[Result "1/2-1/2"]
[WhiteElo "2200"]
[BlackElo "2405"]

1.d4 Nf6 2.c4 g6 3.Nc3 Bg7 4.e4 d6 5.Nf3 O-O 6.Be2 Nbd7 7.O-O e5 8.Qc2 c6
9.Rd1 Qe7 10.b4 exd4 11.Nxd4 Re8 12.f3 d5 13.cxd5 cxd5 14.Ncb5 Rd8 15.Bf4 Nh5
16.Bc7 Re8 17.Nd6 Rf8 18.Bf1 dxe4 19.Nxe4 Qxb4 20.Rab1 Bxd4+ 21.Kh1 Qe7 22.Bd6 Qd8
23.Bc7 Qe7 24.Bd6 Qd8 25.Bc7  1/2-1/2

[Event "Cattolica op"]
[Site "Cattolica"]
[Date "1989.??.??"]
[Round "?"]
[White "Barle, Janez"]
[Black "Lentze, Ingo"]
[Result "1-0"]
[WhiteElo "2420"]
[BlackElo "2270"]

1.Nf3 Nf6 2.c4 g6 3.Nc3 Bg7 4.e4 d6 5.d4 O-O 6.Be2 e5 7.O-O exd4 8.Nxd4 Re8
9.f3 c6 10.Kh1 Nbd7 11.Bg5 a5 12.Qd2 a4 13.Bh6 Bh8 14.Nf5 d5 15.cxd5 cxd5
16.Nd6 Re7 17.exd5 a3 18.b3 Nb6 19.Nde4 Re5 20.Rad1 Bd7 21.Bf4 Nxe4 22.fxe4 Re8
23.Bf3 Rc8 24.Rc1 Qe7 25.d6 Qe6 26.e5 Bxe5 27.Bxe5 Qxe5 28.Bxb7 Rb8 29.Bd5 Rf8
30.Rce1 Qh5 31.Qd4 Bf5 32.Re7 Rbc8 33.Qxb6 Rxc3 34.d7 Bxd7 35.Bxf7+  1-0

[Event "Chanac op"]
[Site "Chanac"]
[Date "1989.??.??"]
[Round "?"]
[White "Lukasiewicz, Grzegorz"]
[Black "Dussol, Pierre"]
[Result "0-1"]
[WhiteElo "2340"]
[BlackElo "2240"]

1.d4 Nf6 2.Nf3 g6 3.c4 Bg7 4.Nc3 O-O 5.e4 d6 6.Be2 e5 7.O-O Nbd7 8.Re1 c6
9.Bf1 Re8 10.d5 c5 11.a3 h6 12.b4 Nh7 13.Nb5 Bf8 14.g3 a6 15.Nc3 a5 16.bxa5 Rxa5
17.Bd2 Bg7 18.Qc1 h5 19.Nb5 Ra6 20.a4 Rf8 21.Bg2 Bf6 22.Ra3 Kh8 23.h4 Be7
24.Ng5 Nxg5 25.hxg5 f6 26.gxf6 Nxf6 27.f3 h4 28.f4 Ng4 29.Bf3 exf4 30.gxf4 g5
31.Qa1+ Kh7 32.e5 Bf5 33.Re2 gxf4 34.exd6 Bxd6 35.Rg2 Rg8 36.Nxd6 Qxd6 37.Qe1 h3
38.Bxg4 Bxg4 39.Bxf4 Qxf4 40.Qe7+ Rg7 41.Rxh3+ Rh6 42.Rxh6+ Qxh6 43.Qe4+ Qg6
44.Qxg6+ Rxg6 45.Rb2 Be2+ 46.Kf2 Bxc4 47.Rxb7+ Rg7 48.Rb8 Bxd5 49.Rc8 c4
50.Ke3 Rg3+ 51.Kd4 Rd3+ 52.Kc5 Rd2 53.Kb4 Kg6 54.a5 Kf6 55.a6 Ra2 56.Kc5 Ke5
57.Re8+ Be6 58.Kb6 c3 59.Re7 c2 60.Rc7 Kd4  0-1

[Event "US op"]
[Site "Chicago"]
[Date "1989.??.??"]
[Round "8"]
[White "Wilder, Michael"]
[Black "Rizzitano, James"]
[Result "1/2-1/2"]
[WhiteElo "2540"]
[BlackElo "2420"]

1.d4 Nf6 2.Nf3 g6 3.c4 Bg7 4.Nc3 O-O 5.e4 d6 6.Be2 e5 7.O-O Nbd7 8.Qc2 c6
9.Rd1 Qe7 10.d5 c5 11.g3 Kh8 12.Bg5 h6 13.Bd2 Ng8 14.Nh4 Bf6 15.Ng2 h5 16.h4 Bg7
17.a3 Nh6 18.Bd3 Nf6 19.f3 Nh7 20.Qc1 Ng8 21.b4 b6 22.Re1 Qd7 23.Rb1 Ne7
24.Bh6 f5 25.Bxg7+ Kxg7 26.bxc5 bxc5 27.f4 Nf6 28.fxe5 dxe5 29.exf5 Nxf5
30.Bxf5 Qxf5 31.Qg5 Qh3 32.Qxe5 Kg8 33.Qg5 Ng4 34.Qxg6+ Kh8 35.Qxh5+  1/2-1/2

[Event "Copenhagen Obro op"]
[Site "Copenhagen"]
[Date "1989.??.??"]
[Round "8"]
[White "Hartung Nielsen, Jens"]
[Black "Georgiev, Biser"]
[Result "1-0"]
[WhiteElo "2275"]
[BlackElo "2340"]

1.Nf3 Nf6 2.c4 g6 3.Nc3 Bg7 4.e4 d6 5.d4 O-O 6.Be2 e5 7.Be3 Nc6 8.d5 Ne7
9.Nd2 Nd7 10.f3 f5 11.Qb3 Kh8 12.O-O-O b6 13.g4 Nf6 14.Rdg1 Bd7 15.h4 f4
16.Bf2 h5 17.g5 Nh7 18.Qa3 a6 19.Kb1 Qb8 20.Qb3 Qb7 21.c5 dxc5 22.Bxc5 Rfe8
23.Bxe7 Rxe7 24.d6 cxd6 25.Nd5 Ree8 26.Nc4 Bf8 27.Ncxb6 Rab8 28.Rc1 Bc6 29.Rxc6 Qxc6
30.Rc1 Rxb6 31.Qxb6 Qxb6 32.Nxb6 Be7 33.Nd5 a5 34.Bb5 Rb8 35.Nxe7 Rxb5 36.Nxg6+ Kg7
37.Ne7 Nf8 38.Nf5+ Kg8 39.Rc8 Rc5 40.Rd8 Kf7 41.Rxd6 a4 42.Rf6+ Ke8 43.Ng7+ Ke7
44.Rxf8 a3 45.Rb8  1-0

[Event "URS-sf"]
[Site "Daugavpils"]
[Date "1989.??.??"]
[Round "?"]
[White "Aseev, Konstantin N"]
[Black "Ubilava, Elizbar"]
[Result "1-0"]
[WhiteElo "2520"]
[BlackElo "2525"]

1.d4 Nf6 2.c4 g6 3.Nc3 Bg7 4.e4 d6 5.Nf3 O-O 6.Be2 e5 7.O-O Na6 8.Re1 c6
9.h3 Nh5 10.Be3 Nf4 11.Bf1 c5 12.dxe5 dxe5 13.Bxf4 exf4 14.e5 Bf5 15.Qc1 g5
16.Ne4 Bxe4 17.Rxe4 f5 18.exf6 Qxf6 19.Re5 h6 20.Bd3 Rae8 21.Rf5 Qd6 22.Rd5 Qc6
23.Qd2 Nb4 24.Rd6 Qc7 25.Rd7 Qb6 26.Rd1 Nxa2 27.Bb1 Nb4 28.Rxg7+  1-0

[Event "URS-sf"]
[Site "Daugavpils"]
[Date "1989.??.??"]
[Round "?"]
[White "Shirov, Alexei"]
[Black "Yuneev, Alexey"]
[Result "1-0"]
[WhiteElo "2495"]
[BlackElo "2345"]

1.d4 Nf6 2.c4 g6 3.Nc3 Bg7 4.e4 d6 5.Be2 O-O 6.Nf3 e5 7.O-O Qe8 8.dxe5 dxe5
9.Be3 Na6 10.c5 b6 11.Nd2 Nxc5 12.Bxc5 bxc5 13.Na4 Qe7 14.Qc2 Nd7 15.Nb3 Qg5
16.Naxc5 Nf6 17.Rad1 h5 18.Qd2 Qh4 19.g3 Qh3 20.f3 Be6 21.Na5 Nh7 22.Rfe1 Bh6
23.Qc3  1-0

[Event "Debrecen"]
[Site "Debrecen"]
[Date "1989.??.??"]
[Round "?"]
[White "Eingorn, Vereslav S"]
[Black "Kotronias, Vasilios"]
[Result "1/2-1/2"]
[WhiteElo "2570"]
[BlackElo "2505"]

1.d4 Nf6 2.Nf3 g6 3.c4 Bg7 4.Nc3 O-O 5.e4 d6 6.Be2 Nbd7 7.O-O e5 8.Qc2 c6
9.d5 c5 10.a3 Nh5 11.g3 Bf6 12.Bh6 Ng7 13.Qd2 Qe7 14.Ng5 Bxg5 15.Bxg5 f6
16.Bh6 Nb6 17.f4 Bh3 18.Rf2 Qd7 19.Qd3 f5 20.fxe5 dxe5 21.Bf1 Bg4 22.h3 Bh5
23.Bg2 Rf7 24.Raf1 Raf8 25.b3 Nc8 26.Qe3 Qe7 27.Qg5 Qxg5 28.Bxg5 Nd6 29.Nb5 Nxb5
30.cxb5 Ne8 31.Bh6 Nd6 32.Bxf8 Kxf8 33.a4 Ke8 34.Bh1 Re7 35.Rg2 g5 36.exf5 e4
37.Re1 Bf3 38.Rc2 Bxh1 39.Kxh1 b6 40.g4 Kf7 41.Kg2 Kf6 42.Kg3 h5 43.gxh5 Nxf5+
44.Kg2 Ke5 45.Rf2 Rh7 46.d6 Nxd6 47.Rf8 Rxh5 48.Rg8 Nf5 49.Re8+ Kd4 50.R1xe4+ Kd3
51.R4e5 Nd4 52.Re3+ Kc2 53.Rf8 Kb2 54.Rf7 Nxb3 55.Rxa7 c4 56.Rc7 Rh4 57.Rc6 Na5
58.Re2+ Kb3 59.Rxb6 c3 60.Ra6 Rxa4 61.b6 c2 62.Re1 Re4 63.Rf1 Nb7 64.Ra7 Re7
65.Ra8 Nd6 66.Ra5 Rb7 67.Rxg5 Rxb6  1/2-1/2

[Event "DEN-chT8990"]
[Site "DEN"]
[Date "1989.??.??"]
[Round "5"]
[White "Andersen, Daniel"]
[Black "Olesen, Martin"]
[Result "0-1"]
[WhiteElo "2280"]
[BlackElo "2230"]

1.c4 Nf6 2.Nc3 g6 3.e4 d6 4.d4 Bg7 5.Be2 O-O 6.Nf3 e5 7.Be3 exd4 8.Nxd4 Re8
9.f3 c6 10.Qd2 d5 11.exd5 cxd5 12.O-O-O Nc6 13.Nc2 Bf5 14.cxd5 Bxc2 15.Kxc2 Nb4+
16.Kb1 Qd7 17.g4 Nfxd5 18.Nxd5 Nxd5 19.Bc4 Rxe3 20.Qxd5 Qc7 21.f4 Rae8 22.Bb3 Re2
23.Rd2 Re1+ 24.Rd1 R1e2 25.Rd2 Qxf4 26.Rhd1 Rxd2 27.Rxd2 Qf1+ 28.Rd1 Qf6
29.Rd2 Re1+ 30.Bd1 Rxd1+  0-1